| 000 | 02065nam2a2200313 4500 | ||
|---|---|---|---|
| 001 | rc\2987319 | ||
| 005 | 20260315071611.0 | ||
| 035 | _a(NLR Aleph) 007215423 | ||
| 090 |
_a13631748 _c13631748 |
||
| 100 | _a20110912d1934 u y0rusy50 ca | ||
| 101 | 1 |
_arus _cfre |
|
| 102 | _aRU | ||
| 105 | _ach z ||||| | ||
| 200 | 1 |
_aБувар и Пекюше _fПер. И.Б. Мандельштама _aЛексикон прописных истин _fПер. Т. Ириновой _eС 2 ил. _gСтатья и комментарии М.Д. Эйхенгольца |
|
| 210 |
_aМосква _aЛенинград _cГИХЛ _d1934 _eМосква _g"Образцовая" тип. |
||
| 215 |
_a425, [2] с., 2 вкл. л. портр., факс. _cпортр., факс. _d21×14 см |
||
| 300 | _aНа обороте тит. л.: "Gustave Flaubert. Bouvard et Pécuchet. 1881. Le dectionnaire des idées recues" | ||
| 461 | 0 |
_1001rc\2987313 _12001#$aСобрание сочинений$fГюстав Флобер$gПод общ. ред. А.В. Луначарского и М.Д. Эйхенгольца$v6 _1700#1$aФлобер$bГ.$gГустав$f1821-1880$3RU\NLR\AUTH\774757 _97681324 _aФлобер, Г. (1821-1880) _cМосква _d1933-1938 _fГюстав Флобер _nГИХЛ _tСобрание сочинений _v6 |
|
| 464 | 0 |
_12001#$aСатирический роман "Бувар и Пекюше" _1700#1$aЭйхенгольц$bМ.Д.$gМарк Давидович$f1889-1953$4070 _tСатирический роман "Бувар и Пекюше" _aЭйхенгольц, Марк Давидович (1889-1953) |
|
| 604 |
_150010$aБувар и Пекюше$2nlr_sh1 _1700#1$aФлобер$bГ.$gГустав$f1821-1880$4070 _tБувар и Пекюше _aФлобер, Густав (1821-1880) |
||
| 702 | 1 |
_aМандельштам _bИ.Б. _4730 |
|
| 702 | 1 |
_aИринова _bТ. _4730 |
|
| 702 | 1 |
_aЭйхенгольц _bМ.Д. _4570 |
|
| 801 | 0 |
_aRU _bNLR _gpsbo |
|
| 801 | 1 |
_aRU _bELAR _2rusmarc |
|
| 852 |
_aNLR _j32-15/417(6) |
||
| 942 | _cUNSPEC | ||
| 980 | _aNB | ||